000 00612nam a22001937a 4500
005 20180411112234.0
010 _aENG-122483
020 _a9789350271346
_c690.00
035 _aEN-106015
037 _bDBAD/PUB
082 _a530
100 _aMathur, S B
245 _aCore physics :
_cby S B Mathur [and] Arun Kumar
_bfor class 11 /
260 _aNew Delhi
_bBharti Bhawan (Publishers & Distributors)
_c2016
270 _a4271/3, Ansari Road, Daryaganj,
_bNew Delhi
_e110002
_k23286557
300 _avarious pages.
_bill.
_c27cm(pbk)
700 _dArun Kumar
942 _2ddc
_cEN
_mMAT
_h530
999 _c150748
_d150748